What every woman should know about a man. (Record no. 14814)

000 -LEADER
fixed length control field 00620nam a2200205 a 4500
001 - CONTROL NUMBER
control field :::00012648$&:&@@
003 - CONTROL NUMBER IDENTIFIER
control field OkBaRHE
005 - DATE AND TIME OF LATEST TRANSACTION
control field 20000607103421.0
008 - FIXED-LENGTH DATA ELEMENTS--GENERAL INFORMATION
fixed length control field s1977 j 000 0 eng u
040 ## - CATALOGING SOURCE
Transcribing agency
100 1# - MAIN ENTRY--PERSONAL NAME
Personal name Johnson, James Leonard, 1927-
245 10 - TITLE STATEMENT
Title What every woman should know about a man.
260 ## - PUBLICATION, DISTRIBUTION, ETC. (IMPRINT)
Place of publication, distribution, etc Grand Rapids, MI., :
Name of publisher, distributor, etc Zondervan Publishing House
Date of publication, distribution, etc c1977
300 ## - PHYSICAL DESCRIPTION
Extent 176 p. ;
Dimensions 23 cm.
650 ## - SUBJECT ADDED ENTRY--TOPICAL TERM
Topical term or geographic name as entry element Marriage
650 ## - SUBJECT ADDED ENTRY--TOPICAL TERM
Topical term or geographic name as entry element Men
650 ## - SUBJECT ADDED ENTRY--TOPICAL TERM
Topical term or geographic name as entry element Men
General subdivision Psychology
942 ## - ADDED ENTRY ELEMENTS (KOHA)
Source of classification or shelving scheme
Koha item type Books
Copies
Koha item type Damaged status Full call number Source of classification or shelving scheme Shelving location Date last seen Withdrawn status Barcode Date acquired Not for loan Lost status Permanent Location Copy number Price effective from
Books HQ 1090 .J64 General Stacks2010-04-14 126482010-04-14  RHEMA Bible Training College12010-04-14